Integrated Assessment: mainstreaming sustainability into policymaking (Registro nro. 8367)

Detalles MARC
000 -CABECERA
Campo de control 00805nam a22001937a 4500
005 - FECHA Y HORA DE LA ULTIMA TRANSACCION
Campo de control 20140407115446.0
008 - ELEMENTOS DE LONGITUD FIJA—INFORMACION GENERAL
Campo de control 140407t2009 fr ado gr|||| 00| 0 spa d
041 ## - IDIOMA
Código de idioma para texto/pista de sonido o título separado Inglés
044 ## - PAÍS DE PUBLICACIÓN
País de publicación Francia
082 ## - NUMERO DE CLASIFICACION DECIMAL DEWEY
Número de clasificación 333.7313
Número del ítem E61i
110 2# - ASIENTO PRINCIPAL--NOMBRE CORPORATIVO
Nombre corporativo o de jurisdicción como elemento de entrada United Nations Environment Programme
242 10 - TRADUCCION DEL TITULO POR LA AGENCIA CATALOGADORA
Título Evaluación Integrada: la incorporación de la sostenibilidad pata una formulación política
Parte restante del título manual de orientación
Mención de responsabilidad United Nations Environment Programme
Código de idioma del título traducido spa
245 10 - MENCION DE TITULO
Título Integrated Assessment: mainstreaming sustainability into policymaking
Parte restante del título a guidance manual
Mención de responsabilidad United Nations Environment Programme
260 ## - PUBLICACION, DISTRIBUCION, ETC. (PIE DE IMPRENTA)
Lugar de publicación, distribución, etc. [?]
Nombre del editor, distribuidor, etc. [?]
Fecha de publicación, distribución, etc. 2009
300 ## - DESCRIPCION FISICA
Extensión 56 p.
Otros detalles físicos il., fot., tablas
Dimensiones 30 cm
590 ## - NOTA LOCAL
Nota local 242 traducción por la agencia catalogadora
650 #4 - ASIENTO SECUNDARIO DE MATERIA - TERMINO TEMATICO
Término temático o nombre geográfico como elemento de entrada Desarrollo sostenible
Subdivisión de forma Manual
942 ## - ELEMENTOS ADICIONALES (KOHA)
Sistema de clasificación Dewey Decimal Classification
Tipo de ítem Impreso
Existencias
Withdrawn status Lost status Sistema de Clasificación Damaged status No para préstamo Colección Inventariado Ubicación Permanente Ubicación actual Fecha de adquisición Fuente de Valor Valor Total Checkouts Número topográfico Inventario / Código de Barras Date last seen Ejemplar Price effective from Forma de adquisición Tipo de material
    Dewey Decimal Classification     General Inventariado 2017 Bogotá Bogotá 07/04/2014 Instituto 39000.00   LB-333.7313 E61i 034325 07/04/2014 Ej. 1 07/04/2014   Libro